000
00321nam a2200133Ia 4500
008
100328s9999 xx 000 0 und d
082
_b
44787
100
_a
कर्णिक हेमन.
245
_a
थंडर
260
_b
शांती
630
_a
थंडर
730
_a
थंडर
942
_c
BOOK
999
_c
533032
_d
533029